Statistiken für Formel-2-Meister Quiz

Klicken Sie hier um das Quiz zu spielen!

Allgemein

  • Dieses Quiz wurde 263 mal gespielt
    (63 seit der letzten Aktualisierung)
  • Das Durchschnittsergebnis liegt bei 11 aus 19

Antwortstatistiken

JahrNationalitätFahrer% Korrekt
2017MonacoCharles Leclerc
90%
2020DeutschlandMick Schumacher
90%
2005DeutschlandNico Rosberg
82%
2021AustralienOscar Piastri
82%
2006Vereinigtes KönigreichLewis Hamilton
80%
2018Vereinigtes KönigreichGeorge Russell
77%
2019NiederlandeNyck de Vries
73%
2009DeutschlandNico Hülkenberg
70%
2016FrankreichPierre Gasly
63%
2022BrasilienFelipe Drugovich
57%
2010VenezuelaPastor Maldonado
57%
2023FrankreichThéo Pourchaire
50%
2007DeutschlandTimo Glock
48%
2015BelgienStoffel Vandoorne
47%
2011FrankreichRomain Grosjean
42%
2014Vereinigtes KönigreichJolyon Palmer
20%
2012ItalienDavide Valsecchi
10%
2013SchweizFabio Leimer
8%
2008ItalienGiorgio Pantano
8%

Verteilung der Resultate

Perzentil nach korrekt beantworteten Fragen

Anzahl Personen mit jedem Resultat

Ihre Resultats-Entwicklung

Sie haben dieses Quiz seit der letzten Aktualisierung nicht gespielt